000 00703nam a2200229 i 4500
001 bg
100 1 _aGAJZLER, Zygmunt
245 0 _aKonfekcjonowanie dzianin :
_bpodręcznik technologii dla technikum /
_cZygmunt Gajzler, Krystyna Kowalczyk, Grażyna Krysicka . - Cz. 1.
250 _aWyd. 6.
260 _aWarszawa :
_bWydaw-a Szkolne i Pedagogiczne,
_c1986.
300 _a544 s. :
_bft., rys., wykr. ;
_c21 cm.
504 _aBibliogr. s. 545.
700 1 _aKOWALCZYK, Krystyna
700 1 _aKRYSICKA, Grażyna
020 _a8302001872
040 _cBPK
041 _apol
080 _a677.026.6(075.3)
920 _a83-02-00187-2
942 _cKS
008 s pl f |000 0 pol
999 _c3534
_d3534
856 _uhttp://koha.tu.koszalin.pl/cgi-bin/koha/opac-detail.pl?biblionumber=3534
_yKatalog online BPK